Largest UK places beginning with a direction - Statistics

General Stats
  • This quiz has been taken 46 times
  • The average score is 7 of 20
Answer Stats
Population NSEW City / Town County % Correct
253,651 S Southampton Hampshire
85%
215,173 N Northampton Northants
79%
175,547 S Southend on Sea Essex
64%
109,185 E Eastbourne East Sussex
62%
91,703 S Southport Merseyside
54%
75,337 S South Shields Tyne and Wear
49%
78,716 E Eastleigh Hampshire
46%
83,641 W Weston super Mare Somerset
46%
75,120 E East Kilbride South Lanarkshire
41%
16,832 N Northallerton North Yorkshire
41%
45,471 N Northwich Cheshire
38%
29,084 E East Grinstead West Sussex
26%
77,997 W West Bromwich West Midlands
26%
14,959 W West Kirby Merseyside
13%
27,628 N Northfleet Kent
8%
18,422 E Eastwood Nottinghamshire
5%
14,719 N North Hykeham Lincolnshire
3%
19,460 S South Ockendon Essex
3%
10,984 W Westhill Aberdeenshire
3%
24,126 W West Houghton Gtr Manchester
0%
No matching quizzes found
Score Distribution
Percent of People with Each Score
Percentile by Number Answered
Your Score History
You have not taken this quiz